00636nam a2200229Ia 4500001000900000003000500009005001700014008004100031010001100072020002200083040000900105082002100114100002000135245008500155260003500240300001100275500005500286503000700341650001100348650001800359650002900377dia_5272CHAP20251023160228.0220117s2010 xx 000 0 und d a176181 a978-950-24-1282-5 cCHAP a664.752 M86 2010 aMuñoz, Lolita aPanadería artesanal : panes, galletitas, facturas, budines /c Lolita Muñoz aArgentina :b Albatros,c2010 a126 p. aIncluye recetas para máquina de pan y celíacos aC. aBakery aPanadería  aPanaderíaxArtesanal